Flutter #3 / by Amanda Hocking.
Record details
- ISBN: 9781453816905 (pbk.)
- ISBN: 1453816909 (pbk.)
- Physical Description: 390 p. ; 23 cm.
- Edition: 2nd pbk. ed.
- Publisher: [Charleston, S.C. : CreateSpace], c2010.
Content descriptions
| General Note: | Sequel to: Fate. |
| Summary, etc.: | Being undead doesn't make life any easier for ... Read More |
Search for related items by subject
| Subject: | Vampires > Fiction. |
Search for related items by series
| LDR | 01285cam a2200313Ia 4500 | ||
|---|---|---|---|
| 001 | 129597 | ||
| 003 | LARL_NWRL_CONSORTIUM | ||
| 005 | 20161228182154.0 | ||
| 008 | 101111s2010 scu d 000 1 eng d | ||
| 020 | . | ‡a9781453816905 (pbk.) | |
| 020 | . | ‡a1453816909 (pbk.) | |
| 035 | . | ‡a(OCoLC)680492881 | |
| 082 | 0 | 4. | ‡a[Fic] |
| 100 | 1 | . | ‡aHocking, Amanda. ‡0(LARL_NWRL_CONSORTIUM)220983 |
| 245 | 1 | 0. | ‡aFlutter ‡n#3 / ‡cby Amanda Hocking. |
| 250 | . | ‡a2nd pbk. ed. | |
| 260 | . | ‡a[Charleston, S.C. : ‡bCreateSpace], ‡cc2010. | |
| 300 | . | ‡a390 p. ; ‡c23 cm. | |
| 490 | 0 | . | ‡aMy blood approves ; ‡vbk. 3 |
| 500 | . | ‡aSequel to: Fate. | |
| 520 | . | ‡aBeing undead doesn't make life any easier for Alice Bonham. Her younger brother's love life is heating up, while hers is-- more complicated. Alice volunteers for a rescue mission with Ezra. But going up against a pack of rabid vampires might be too much, even for him. | |
| 650 | 0. | ‡aVampires ‡vFiction. ‡0(LARL_NWRL_CONSORTIUM)167805 | |
| 901 | . | ‡a129597 ‡bOCLC ‡c129597 ‡tbiblio | |

Add to basket
Permalink
Disable Highlighting